| 000 | 00633cab a2200181 4500 | ||
|---|---|---|---|
| 001 | L130515 | ||
| 008 | 050808n2005 000 0 eng u | ||
| 035 | _a(Sirsi) u130515 | ||
| 041 | _aeng | ||
| 100 | _aDe Castella, Tom | ||
| 245 | _aReady, steady, build | ||
| 260 | _c2005 | ||
| 490 |
_aInside Housing _v29 July 2005, 23-25(3) |
||
| 520 | _aDiscusses the Olympic bid document in relation to the provision of accommodation for the athletes and it's subsequent conversion into a housing legacy for London. | ||
| 590 | _aIKA160805 | ||
| 690 | _aPROPERTY-RESIDENTIAL PROPERTY-DOMESTIC RESIDENTIAL PROPERTY-HOUSING | ||
| 942 | _n0 | ||
| 999 |
_c75668 _d75668 |
||